The language of emotional intelligence : (Record no. 27301)

MARC details
000 -LEADER
fixed length control field 01128nam a2200289 a 4500
005 - DATE AND TIME OF LATEST TRANSACTION
control field 20090606144358.0
008 - FIXED-LENGTH DATA ELEMENTS--GENERAL INFORMATION
fixed length control field 071119s2008 nyua 000 0 eng
010 ## - LCCN (DPL NO)
LC control number ENG-93933
020 ## - INTERNATIONAL STANDARD BOOK NUMBER
International Standard Book Number 978007140639
Terms of availability 250.00
020 ## - INTERNATIONAL STANDARD BOOK NUMBER
International Standard Book Number 007140634
Terms of availability 250.00
035 ## - SYSTEM CONTROL NUMBER
System control number EN-77466
037 ## - SOURCE OF ACQUISITION
Source of stock number/acquisition DBAD / PUB
040 ## - CATALOGING SOURCE
Original cataloging agency dpl
Language of cataloging English
082 ## - DEWEY DECIMAL CLASSIFICATION NUMBER
Classification number 152.4
100 ## - MAIN ENTRY--PERSONAL NAME
Personal name Segal, Jeanne
245 ## - TITLE STATEMENT
Title The language of emotional intelligence :
Remainder of title the five essential tools for building powerful and effective relationships /
Statement of responsibility, etc by Jeanne Segal with Jaelline Jaffe
260 ## - PUBLICATION, DISTRIBUTION, ETC. (IMPRINT)
Place of publication, distribution, etc New Delhi
Name of publisher, distributor, etc Tata McGraw-Hill Publishing
Date of publication, distribution, etc 2008
270 ## - ADDRESS
Address 7 West Patel Nagar,
City New Delhi
Postal code 110008
300 ## - PHYSICAL DESCRIPTION
Extent viii, 225 p. :
Other physical details ill. ;
Dimensions 21cm(pbk)
500 ## - GENERAL NOTE
General note Includes index
650 ## - SUBJECT ADDED ENTRY--TOPICAL TERM
Topical term or geographic name as entry element Emotional intelligence.
650 ## - SUBJECT ADDED ENTRY--TOPICAL TERM
Topical term or geographic name as entry element Interpersonal communication.
650 ## - SUBJECT ADDED ENTRY--TOPICAL TERM
Topical term or geographic name as entry element Attachment behavior.
700 ## - ADDED ENTRY--PERSONAL NAME
Personal name Jaffe, Jaelline
942 ## - ADDED ENTRY ELEMENTS (KOHA)
Source of classification or shelving scheme Dewey Decimal Classification
Item type English Books
Classification part 152.4
Call number suffix SEG
Holdings
Withdrawn status Lost status Source of classification or shelving scheme Damaged status Not for loan Collection code Home library Current library Date acquired Source of acquisition Cost, normal purchase price Total Checkouts Full call number Barcode Date last seen Copy number Cost, replacement price Koha item type
    Dewey Decimal Classification   Not For Loan Non-fiction D.B.Act.Division D.B.Act.Division 06/06/2009 DBAD / PUB 250.00   152.4 SEG EN-77466 06/06/2009 1 250.00 English Books

© Delhi Public Library
Hit Counter
free hit counter